1082 1202 1991 1397 1000 1047 1954 1605 1556 1199 1795 1393 1771 1008 1658 1277 1434 1993 1749 1281 1068 1781 1903 1445 1259 1940 1983 1114 1684 1660 1213 1082 1417 1071 1465 1916 1683 1556 1082 1044 1646 1395 1316 1381 1632 1342 1978 1492 1499 1561 1918 1498 1173 1185 1055 1597 1213 1328 1501 1530 1750 1978 1296 1122 1033 1760 1160 1551 1311 1588 1966 1067 1177 1709 1105 1811 1111 1583 1258 1203 1389 1243 1219 1882 1530 1898 1655 1674 1361 1509 1623 1322 1108 1142 1611 1658 1308 1548 1695 BCNSPRNW ULIB Ver.6.0+V

เปลี่ยนเป็นภาษาไทย

Change to English
 แสดงรายละเอียดบรรณานุกรม
  กลับหน้าหลัก

Brief Record : Get Marc (ISO 2709) : E-mail record : QR code < ปิดหน้าต่าง
LEADER : 00000nas 2200000uu 4500
001    13399114262
003     ULIB
008    020711s|||| th a 000 0 tha d
022    ^a16863526
110    ^aโรงพยาบาลสวรรค์ประชารักษ์
245    ^aสวรรค์ประชารักษ์เวชสาร /^cโรงพยาบาลสวรรค์ประชารักษ์
260    ^aนครสวรรค์ :^bโรงพยาบาลสวรรค์ประชารักษ์,^cม.ป.ป.
310    ^aรายสี่เดือน
850 ^a ULIB^bฉบับที่ 1 ปีที่ 8 ;ฉบับที่ 2 ปีที่ 8 ;ฉบับที่ 3 ปีที่ 9 ;ฉบับที่ 1 ปีที่ 10 ;ฉบับที่ 2 ปีที่ 10 ฉ.1 ;ฉบับที่ 3 ปีที่ 10 ฉ.1 ;ฉบับที่ 1 ปีที่ 11 ฉ.1
945    ^p0^l0^i900233
945    ^p0^l0^i900436
945    ^p0^l0^i901937
945    ^p0^l0^i901985
945    ^p0^l0^i902373
945    ^p0^l0^i902787
945    ^p0^l0^i903186
รายการนี้ยังไม่มีแท็ก
คุณยังไม่ได้ล็อกอิน คุณสามารถมีกิจกรรมร่วมกับเว็บไซต์ได้ แต่ต้องล็อกอินก่อน ::
  ล็อกอิน

รายการสื่อสารสนเทศ (วารสาร)

ดูแบบ: กล่อง รายการ
ARRIVED
ฉบับที่ 1 ปีที่ 8
สถานที่: ห้องสมุดวิทยาเขตสวรรค์ประชารักษ์ >วารสาร
ARRIVED
ฉบับที่ 2 ปีที่ 8
สถานที่: ห้องสมุดวิทยาเขตสวรรค์ประชารักษ์ >วารสาร
ARRIVED
ฉบับที่ 3 ปีที่ 9
สถานที่: ห้องสมุดวิทยาเขตสวรรค์ประชารักษ์ >วารสาร
ARRIVED
ฉบับที่ 1 ปีที่ 10
สถานที่: ห้องสมุดวิทยาเขตสวรรค์ประชารักษ์ >วารสาร
ARRIVED
ฉบับที่ 2 ปีที่ 10 ฉ.1
สถานที่: ห้องสมุดวิทยาเขตสวรรค์ประชารักษ์ >วารสาร
ARRIVED
ฉบับที่ 3 ปีที่ 10 ฉ.1
สถานที่: ห้องสมุดวิทยาเขตสวรรค์ประชารักษ์ >วารสาร
ARRIVED
ฉบับที่ 1 ปีที่ 11 ฉ.1
สถานที่: ห้องสมุดวิทยาเขตสวรรค์ประชารักษ์ >หนังสือทั่วไป
รายการใกล้เคียง
    ผู้แต่ง []

BibComment


ยังไม่เคยถูกคอมเมนท์

คอมเมนท์ทรัพยากรรายการนี้
  คอมเมนท์: สวรรค์ประชารักษ์..


 Copyright 2026. Bcnsprnw @Library